| 000 | 01026nam a2200301Ia 4500 | ||
|---|---|---|---|
| 003 | GCL | ||
| 008 | 140319s9999 xx 000 0 ara d | ||
| 020 | _a6111009957 | ||
| 040 |
_aGCL / _cGCL |
||
| 082 | 0 | 4 |
_a658.3 _bم ا |
| 100 | 1 | _aمصطفى نجيب شاويش | |
| 245 | 1 | 0 |
_aادارة الموارد البشرية : _bادارة الافراد / _cمصطفى نجيب شاويش |
| 250 | _aالثالثة | ||
| 260 |
_aالاردن : _bدار الشروق للنشر والتوزيع ، _c2005 |
||
| 300 |
_a375 ص ؛ _c24 سم |
||
| 650 | 0 | 4 | _aالعمل والعمال |
| 650 | 0 | 4 | _aالقوى العاملة |
| 650 | 0 | 4 | _aادارة الافراد |
| 650 | 0 | 4 | _aتقييم الوظائف |
| 650 | 0 | 4 | _aالتدريب المهنى |
| 650 | 0 | 4 | _aالاجور |
| 650 | 0 | 4 | _aحوافز الانتاج |
| 650 | 0 | 4 | _aتحليل الوظائف |
| 650 | 0 | 4 | _aالعمال - مواصفات الاختيار |
| 650 | 0 | 4 | _aالترقيات |
| 650 | 0 | 4 | _aالعمال - تعويضات |
| 942 |
_2ddc _cBK |
||
| 999 |
_c10136 _d10136 |
||